| Tag |
First Indicator |
Second Indicator |
Subfields |
| LEADER |
00000cjm a2200000 a 4500 |
| 001 |
in00001364021 |
| 005 |
20151006090453.0 |
| 007 |
sd fsngnn|||ee |
| 008 |
900725p19901980enksgn adei fre d |
| 019 |
|
|
|a 22221210
|
| 024 |
3 |
0 |
|a 015155338927
|
| 028 |
0 |
2 |
|a 3389
|b CRD
|
| 028 |
0 |
0 |
|a CRD 3389
|b CRD
|
| 033 |
1 |
0 |
|a 19800606
|a 19800607
|a 19800612
|b 5754
|c L7
|
| 035 |
|
|
|a (OCoLC)23427209
|
| 035 |
|
|
|9 AHJ7427AM
|
| 040 |
|
|
|a EYM
|c EYM
|d OCL
|d CXP
|d OCL
|d JED
|d IBS
|d TXA
|d UtOrBLW
|
| 041 |
0 |
|
|d fre
|e eng
|e fre
|h fre
|g eng
|
| 045 |
2 |
|
|b d1892
|b d1922
|
| 048 |
|
|
|b vb01
|a sa02
|a sb01
|a sc01
|a sd01
|a ka01
|
| 048 |
|
|
|a ka01
|a sa01
|a sc01
|
| 049 |
|
|
|a TXAV
|
| 050 |
|
4 |
|a CDS 3389
|
| 090 |
|
|
|a M1617.F27
|b B55 1990
|
| 092 |
0 |
|
|a 784.30612
|b F274b
|2 19
|
| 100 |
1 |
|
|a Fauré, Gabriel,
|d 1845-1924.
|
| 240 |
1 |
0 |
|a Bonne chanson;
|o arranged
|
| 245 |
1 |
3 |
|a La bonne chanson, op. 61 :
|b for voice, two violins, viola, violoncello, double bass and piano ; Trio in D minor, op. 120 : for piano, violin and violoncello /
|c Gabriel Fauré.
|
| 264 |
|
1 |
|a [London] :
|b CRD ;
|c [1990?]
|
| 264 |
|
2 |
|a [New York] :
|b [Distributed by] Qualiton Imports,
|
| 264 |
|
4 |
|c ℗1980
|
| 300 |
|
|
|a 1 sound disc (41 min.) :
|b digital, stereo. ;
|c 4 3/4 in. +
|e 1 booklet.
|
| 306 |
|
|
|a 002039
|a 002002
|
| 336 |
|
|
|a performed music
|b prm
|2 rdacontent
|
| 337 |
|
|
|a audio
|b s
|2 rdamedia
|
| 338 |
|
|
|a audio disc
|b sd
|2 rdacarrier
|
| 500 |
|
|
|a Compact disc.
|
| 536 |
|
|
|a Gift from Gilbert and Thyra Plass Record Collection, 1995.
|
| 500 |
|
|
|a CRD Records: 3389 (on container: CRD 3389).
|
| 500 |
|
|
|a First work originally with piano acc.
|
| 511 |
0 |
|
|a Sarah Walker, mezzo-soprano (1st work) ; Nash Ensemble (Ian Brown, piano ; Marcia Crayford, violin ; Christopher van Kampen, violoncello).
|
| 518 |
|
|
|a Recorded June 6-7 and 12, 1980 at the Rosslyn Hill Unitarian Chapel, Hampstead, London.
|
| 500 |
|
|
|a Booklet contains program notes by Felix Aprahamian and discography, and texts by Paul Verlaine with English translation.
|
| 505 |
0 |
|
|a La bonne chanson : op. 61: Une sainte en son auréole (2:36) ; Puisque l'aube grandit (1:55) ; La lune blanche luit dans le bois (2:42) ; J'allais par des chemins perfides (1:47) ; J'ai presque peur, en vérité (2:33) ; Avant que tu ne t'en ailles (2:38) ; Donc, ce sera par un clair jour d'été (2:39) ; N'est-ce pas? (2:05) ; L'hiver a cessé (3:04) -- Trio in D minor : op. 120 : for piano, violin and violoncello (21:00).
|
| 500 |
|
|
|a Sound recording.
|
| 650 |
|
0 |
|a Songs (Medium voice) with instrumental ensemble.
|
| 650 |
|
0 |
|a Song cycles.
|
| 650 |
|
0 |
|a Piano trios.
|
| 600 |
1 |
0 |
|a Verlaine, Paul,
|d 1844-1896
|x Musical settings.
|
| 700 |
1 |
|
|a Walker, Sarah,
|d 1943-
|
| 700 |
1 |
|
|a Verlaine, Paul,
|d 1844-1896.
|
| 700 |
1 |
2 |
|a Fauré, Gabriel,
|d 1845-1924.
|t Trio,
|m piano, violin, cello,
|n op. 120,
|r D minor.
|
| 710 |
2 |
|
|a Nash Ensemble,
|e performer.
|
| 999 |
|
|
|a MARS
|
| 999 |
f |
f |
|s 3f2457cf-fa99-3e35-a7ca-8c80215468ed
|i 108b3cfa-e496-3c56-a769-8a26ce5d976c
|t 0
|
| 952 |
f |
f |
|p ric
|a Texas A&M University
|b Rellis Campus
|c Joint Library Facility
|d Remote Storage
|t 0
|e M1617.F27 B55 1990
|h Library of Congress classification
|i audio -- audio disc
|m A14826463134
|
| 998 |
f |
f |
|a M1617.F27 B55 1990
|t 0
|l Remote Storage
|